000 00657nam a2200193 i 4500
001 21514
003 ES-MaACL
005 20250823085841.0
007 t|
008 021126s1961 pr ||||1| spa d
100 0 _aAlbornoz, Aurora de,
_d1926-1990
_919411
245 1 3 _aLa prehistoria de Antonio Machado /
_cAurora de Albornoz.
260 _a[San Juan de Puerto Rico] :
_bUniversidad de Puerto Rico :
_bLa Torre,
_c1961 (
_fGráf. Edit. Cultura)
300 _a109 p., 2 lám. ;
_c25 cm.
600 1 4 _aMachado, Antonio,
_d1875-1939
_975151
710 2 _aUniversidad de Puerto Rico
_97273
852 _aES-MaACL
_jC-21269
999 _c21514
_d21514